000 00294nam a2200121 i 4500
001 bg
245 0 _aWłaściwości fizyko-chemiczne i struktura ciekłych żużli.
260 _aWrocław,
_c1975.
040 _cBPK
041 _apol
942 _cKS
008 s pl f |000 0 pol
999 _c16060
_d16060
856 _uhttp://koha.tu.koszalin.pl/cgi-bin/koha/opac-detail.pl?biblionumber=16060
_yKatalog online BPK